Fault-tolerant sequential MPC for vertical switch open-circuit fault and ZSCC suppression for parallel T-type converters / (Record no. 19984)
[ view plain ]
| 000 -LEADER | |
|---|---|
| fixed length control field | 01088nam a22002417a 4500 |
| 003 - CONTROL NUMBER IDENTIFIER | |
| control field | OSt |
| 005 - DATE AND TIME OF LATEST TRANSACTION | |
| control field | 20251002164506.0 |
| 008 - FIXED-LENGTH DATA ELEMENTS--GENERAL INFORMATION | |
| fixed length control field | 240403b ||||| |||| 00| 0 eng d |
| 040 ## - CATALOGING SOURCE | |
| Transcribing agency | 0 |
| 082 ## - DEWEY DECIMAL CLASSIFICATION NUMBER | |
| Classification number | DPer 621.317 Ie21 October 2022 v. 37 n. 10 |
| 100 ## - MAIN ENTRY--PERSONAL NAME | |
| Personal name | Long, Bo. |
| Relator term | author. |
| 9 (RLIN) | 55921 |
| 245 ## - TITLE STATEMENT | |
| Title | Fault-tolerant sequential MPC for vertical switch open-circuit fault and ZSCC suppression for parallel T-type converters / |
| Statement of responsibility, etc. | Bo Long, TianXu Cao, DaWei Shen, Josep M. Guerrero, José Rodríguez, and Kil To Chong. |
| 260 ## - PUBLICATION, DISTRIBUTION, ETC. (IMPRINT) | |
| Place of publication, distribution, etc. | New York ; |
| Name of publisher, distributor, etc. | The Institute of Electrical and Electronics Engineers, Inc. , |
| Date of publication, distribution, etc. | October 2022. |
| 300 ## - PHYSICAL DESCRIPTION | |
| Extent | Volume 37, pages 11787-11802 : |
| Other physical details | illustration ; |
| Dimensions | 28 cm. |
| 500 ## - GENERAL NOTE | |
| General note | IEEE Transactions on Power Electronics, v. 37, n. 10, pages 11787-11802, October 2022. |
| 700 ## - ADDED ENTRY--PERSONAL NAME | |
| Personal name | Long, Bo. |
| Relator term | author. |
| 9 (RLIN) | 55921 |
| 700 ## - ADDED ENTRY--PERSONAL NAME | |
| Personal name | Cao, TianXu. |
| Relator term | author. |
| 9 (RLIN) | 55922 |
| 700 ## - ADDED ENTRY--PERSONAL NAME | |
| Personal name | Shen, DaWei. |
| Relator term | author. |
| 9 (RLIN) | 55923 |
| 700 ## - ADDED ENTRY--PERSONAL NAME | |
| Personal name | Guerrero, Josep M. |
| Relator term | author. |
| 9 (RLIN) | 55924 |
| 700 ## - ADDED ENTRY--PERSONAL NAME | |
| Personal name | Rodríguez, José. |
| Relator term | author. |
| 9 (RLIN) | 55925 |
| 700 ## - ADDED ENTRY--PERSONAL NAME | |
| Personal name | Chong, Kil To. |
| Relator term | author. |
| 9 (RLIN) | 55926 |
| 942 ## - ADDED ENTRY ELEMENTS (KOHA) | |
| Source of classification or shelving scheme | Dewey Decimal Classification |
| Koha item type | Periodicals |
| Withdrawn status | Lost status | Source of classification or shelving scheme | Damaged status | Not for loan | Collection code | Home library | Current library | Date acquired | Total Checkouts | Full call number | Date last seen | Price effective from | Koha item type | Public note |
|---|---|---|---|---|---|---|---|---|---|---|---|---|---|---|
| Dewey Decimal Classification | Periodicals | UM Digos College - LIC | UM Digos College - LIC | 04/03/2024 | DPer 621.317 Ie21 October 2022 v. 37 n. 10 | 04/03/2024 | 04/03/2024 | Periodicals | Periodical Article |
